برنامج إلكترونى تفاعلى لتنمية الهوية الثقافية لدى طفل الروضة / (Record no. 179500)
[ view plain ]
| 000 -LEADER | |
|---|---|
| fixed length control field | 04041namaa22004331i 4500 |
| 003 - CONTROL NUMBER IDENTIFIER | |
| control field | OSt |
| 005 - أخر تعامل مع التسجيلة | |
| control field | 20260418130722.0 |
| 008 - FIXED-LENGTH DATA ELEMENTS--GENERAL INFORMATION | |
| fixed length control field | 250827s2025 ua a|||frm||| 000 0 eng d |
| 040 ## - CATALOGING SOURCE | |
| Original cataloguing agency | EG-GICUC |
| Language of cataloging | ara |
| Transcribing agency | EG-GICUC |
| Modifying agency | EG-GICUC |
| Description conventions | rda |
| 041 0# - LANGUAGE CODE | |
| Language code of text/sound track or separate title | ara |
| Language code of summary or abstract | ara |
| -- | eng |
| 049 ## - Acquisition Source | |
| Acquisition Source | إيداع |
| 082 04 - DEWEY DECIMAL CLASSIFICATION NUMBER | |
| Classification number | 372.218 |
| 092 ## - LOCALLY ASSIGNED DEWEY CALL NUMBER (OCLC) | |
| Classification number | 372.218 |
| Edition number | 21 |
| 097 ## - Degree | |
| Degree | مــــاجستير |
| 099 ## - LOCAL FREE-TEXT CALL NUMBER (OCLC) | |
| Local Call Number | Cai01.26.01.M.Sc.2025.ند.ب |
| 100 0# - MAIN ENTRY--PERSONAL NAME | |
| Authority record control number or standard number | ،ندى إبراهيم محمد خليل |
| Preparation | إعداد. |
| 245 10 - TITLE STATEMENT | |
| Title | برنامج إلكترونى تفاعلى لتنمية الهوية الثقافية لدى طفل الروضة / |
| Statement of responsibility, etc. | إعداد ندى إبراهيم محمد خليل؛ إشراف أ.د.كمال الدين حسين، ا.د. جيهان عبد الفتاح عزام، ا.م.د/ رانيا وجيه حلمى. |
| Remainder of title | Remainder of title / |
| 246 15 - VARYING FORM OF TITLE | |
| Title proper/short title | An interactive digital program to develop cultural identity in kindergarten children / |
| 264 #0 - PRODUCTION, PUBLICATION, DISTRIBUTION, MANUFACTURE, AND COPYRIGHT NOTICE | |
| Date of production, publication, distribution, manufacture, or copyright notice | 2025. |
| 300 ## - PHYSICAL DESCRIPTION | |
| Extent | 188 صفحة : |
| Other physical details | إيضاحيات ؛ |
| Dimensions | 25 سم. + |
| Accompanying material | CD. |
| 336 ## - CONTENT TYPE | |
| Content type term | text |
| Source | rda content |
| 337 ## - MEDIA TYPE | |
| Media type term | Unmediated |
| Source | rdamedia |
| 338 ## - CARRIER TYPE | |
| Carrier type term | volume |
| Source | rdacarrier |
| 502 ## - DISSERTATION NOTE | |
| Dissertation note | أطروحة (ماجستير)-جامعة القاهرة، 2025. |
| 504 ## - BIBLIOGRAPHY, ETC. NOTE | |
| Bibliography, etc. note | ببليوجرافيا: صفحات 153-161. |
| 520 ## - SUMMARY, ETC. | |
| Summary, etc. | تهدف الدراسة الى قياس مدى فاعليه البرنام ج الالكتروني التفاعلي لتنميه الهوية الثقافية لدى طفل الروضة، وتكونت عينه الدراسة من (50) طفل وطفله من أطفال الروضة، وتراوحت اعمارهم من (5-6) سنوات من مدرسه الشهيد أحمد محمود مصطفى، وتم تقسيمهم إلى مجموعتين إحداهما تجريبيه وعددها (25) طفل وطفله، ومجموعه ضابطه وعددها (25) طفل وطفله. واستخدمت نتائج الدراسة إلى فاعليه البرنامج الإلكتروني التفاعلي لتنمية الهوية الثقافية لطفل الروضة، كما توصلت إلى أن إستمرارية فاعلية البرنامج بعد تطبيقة واستخدمت الدراسة المنهج شيه التجريبي لتطبيق البرنامج الالكتروني التفاعلي على طفل الروضة لتنميه الهوية الثقافية. |
| 520 ## - SUMMARY, ETC. | |
| Summary, etc. | The study sample consisted of 50 children their ages ranged from (5-6) years from the school of martyr Ahmed Mahmoud Mustafa, and they were divided into two groups, one experimental, 25boys and girls, and a group with (25) boys and girls controlThe study used the semi - experimental curriculum to apply the interactive electronic program to the child of kindergarten to develop cultural identity and the results of the study reached the effectiveness of the interactive electronic program to develop the cultural identity of the child of the kindergarten, and also found that the effectiveness of the study program is continuous After implementing the application |
| 530 ## - ADDITIONAL PHYSICAL FORM AVAILABLE NOTE | |
| Issues CD | صدر أيضًا كقرص مدمج. |
| 546 ## - LANGUAGE NOTE | |
| Text Language | النص بالعربية والملخص باللغة الإنجليزية والعربية. |
| 650 #7 - SUBJECT ADDED ENTRY--TOPICAL TERM | |
| Topical term or geographic name entry element | رياض الاطفال |
| Source of heading or term | qrmak |
| 653 #0 - INDEX TERM--UNCONTROLLED | |
| Uncontrolled term | برنامج إلكترونى تفاعلى |
| -- | الهوية الثقافية |
| -- | طفل الروضة |
| 700 0# - ADDED ENTRY--PERSONAL NAME | |
| Personal name | كمال الدين حسين |
| Relator term | مشرف أطروحة. |
| 700 0# - ADDED ENTRY--PERSONAL NAME | |
| Personal name | جيهان عبد الفتاح عزام |
| Relator term | مشرف أطروحة. |
| 700 0# - ADDED ENTRY--PERSONAL NAME | |
| Personal name | رانيا وجيه حلمى |
| Relator term | مشرف أطروحة. |
| 900 ## - Thesis Information | |
| Grant date | 12-01-2025 |
| Supervisory body | كمال الدين حسين |
| -- | جيهان عبد الفتاح عزام |
| -- | رانيا وجيه حلمى |
| Discussion body | إيمان سعد زناتي |
| -- | ممدوح سالم |
| Universities | جامعة القاهرة |
| Faculties | كلية التربيه للطفولة المبكرة |
| Department | قسم العلوم الأساسية |
| 905 ## - Cataloger and Reviser Names | |
| Cataloger Name | Sara Salah |
| Reviser Names | Afaf |
| 942 ## - ADDED ENTRY ELEMENTS (KOHA) | |
| Source of classification or shelving scheme | Dewey Decimal Classification |
| Koha item type | Thesis |
| Edition | 21 |
| Suppress in OPAC | No |
| Source of classification or shelving scheme | Home library | Current library | Date acquired | Inventory number | Full call number | Barcode | Date last seen | Effective from | Koha item type |
|---|---|---|---|---|---|---|---|---|---|
| Dewey Decimal Classification | المكتبة المركزبة الجديدة - جامعة القاهرة | قاعة الرسائل الجامعية - الدور الاول | 15.04.2026 | 33103 | Cai01.26.01.M.Sc.2025.ند.ب | 01010100033103000 | 15.04.2026 | 15.04.2026 | Thesis |